| 000 | 00944cam a2200217 4500 | ||
|---|---|---|---|
| 001 | ABS63840 | ||
| 008 | 000000n2001 000 0 eng u | ||
| 035 | _a(Sirsi) u112210 | ||
| 100 | _aCarnworth, R. | ||
| 245 | _aTackling the mess of CPO | ||
| 260 | _c2001 | ||
| 490 |
_aEstates Gazette _v(0015) 14 April 2001, 127(1) |
||
| 520 | _aDescribes the new legislation intended to reform the law of compulsory purchase and compensation. In July 2000, a review was carried out by the DETR and in December a small working group was formed. It is thought that this will provide a modern, comprehensive code. A scoping study on the report is available at http://www.lawcom.gov.uk | ||
| 590 | _aABS | ||
| 650 | _aCOMPULSORY PURCHASE REFORM | ||
| 650 | _aLAW COMMISSION | ||
| 650 | _aDETR | ||
| 650 | _aWORKING GROUP | ||
| 690 | _aENVIRONMENTAL AND LAND CONSULTANCY-PLANNING AND DEVELOPMENT-COMPULSORY PURCHASE AND COMPENSATION | ||
| 942 | _n0 | ||
| 999 |
_c66827 _d66827 |
||